Tribes of Inia (Record no. 8238)

MARC details
000 -LEADER
fixed length control field 00680nam a2200253 a 4500
020 ## - INTERNATIONAL STANDARD BOOK NUMBER
ISBN 0194858
082 00 - DEWEY DECIMAL CLASSIFICATION NUMBER
Classification number 305.811054
Author Cutter FUR
100 ## - MAIN ENTRY--AUTHOR NAME
Author name Furer-Haimendorf, Christoph
245 ## - TITLE STATEMENT
Title Tribes of Inia
Sub title the Strugglefor Survival
260 ## - PUBLICATION, DISTRIBUTION, ETC. (IMPRINT)
Place of publication Londan
Name of publisher Oxford University Press
Year of publication 1994
300 ## - PHYSICAL DESCRIPTION
Number of Pages 342p
500 ## - GENERAL NOTE
General note includes index and biblioraphy
505 2# - FORMATTED CONTENTS NOTE
Formatted contents note Bibliography, Index
650 ## - SUBJECT ADDED ENTRY--TOPICAL TERM
Topical Term India-Minorities
650 ## - SUBJECT ADDED ENTRY--TOPICAL TERM
Topical Term India-Tribes
942 ## - ADDED ENTRY ELEMENTS (KOHA)
Koha item type Books
700 1# -
-- Furer-Haimendorf, Christoph
Holdings
Collection code Home library Current library Date acquired Cost, normal purchase price Full call number Accession Number Koha item type
  Henry Martyn Institute Library Henry Martyn Institute Library 03/30/2007 125.00 305.811054 FUR 014901 Books
                   Copyright © 2026 | Henry Martyn Institute | Hyderabad | TS-500052 | INDIA | Implemented by hmi.edu.in
Hit-Count:

Powered by Koha